Uplatňovanie nástrojov rozpočtovej politiky v podmienkach ekonomiky SR diplomová práca

Na minha lista:
Detalhes bibliográficos
Autor principal: Augustín, Michal
Autor Corporativo: Národohospodárska fakulta EU. Katedra bankovníctva a medzinárodných financií
Outros Autores: Matoušková, Eleonóra, 1962-
Formato: Livro
Idioma:eslovaco
Publicado em: Bratislava 2008
Tags: Adicionar Tag
Sem tags, seja o primeiro a adicionar uma tag!

MARC

LEADER 00000nam$a2200000$$$4500
001 0076646
005 20240201120621.3
041 0 |a slo 
044 |a SK 
245 1 0 |a Uplatňovanie nástrojov rozpočtovej politiky v podmienkach ekonomiky SR  |b diplomová práca  |c Michal Augustín ; škol. Eleonóra Matoušková 
264 1 |a Bratislava  |c 2008 
300 |a 68 s. 
100 1 |a Augustín, Michal 
700 1 |a Matoušková, Eleonóra, 1962- 
710 2 |a Národohospodárska fakulta EU. Katedra bankovníctva a medzinárodných financií